000 00615nam a2200205Ia 4500
003 GCL
008 140319s9999 xx 000 0 ara d
040 _aGCL /
_cGCL
082 0 4 _a415.1
_bم ك
100 1 _aمحمد سالم محيسن
245 1 0 _aالكشف عن احكام الوقف والوصل فى العربية /
_cمحمد سالم محيسن
260 _a[S.N] :
_bدار الجيل
300 _a287 ص
490 _a
650 0 4 _aالنحو
650 0 4 _aاللغة العربية
650 0 4 _aالبلاغة العربية
650 0 4 _aاللهجات العربية
942 _2ddc
_cBK
999 _c55431
_d55431